000 00328nam a22001337a 4500
008 170606b xxu||||| |||| 00| 0 eng d
020 _a0252060547
041 _aeng
080 _a94
100 _a18
101 _aSHH
245 _aHISTORICAL AND CONTEMPORARY PERSPECTIVES PAID LABOR AT HOME
_cBORIS.E
942 _2udc
_cBK
999 _c16006
_d16006